| 000 | 00993cam a2200301 4500 | ||
|---|---|---|---|
| 001 | L159608 | ||
| 008 | 030912n2017 000 0 eng u | ||
| 020 | _a9781848064737 | ||
| 035 | _a(Sirsi) u159608 | ||
| 041 | _aeng | ||
| 050 |
_a693.96 _c18 |
||
| 100 | _aLittlefair, P. | ||
| 245 | _aControl of solar shading | ||
| 260 |
_aLondon _bBRE _c2017 |
||
| 300 |
_a8p. _bill. _c30cm. |
||
| 490 |
_aBRE Information Paper _v12/02 |
||
| 520 | _aThis paper gives guidance on whether to use automatic or manual control for motorised solar shading systems. The paper also describes control strategies and ways to implement them. | ||
| 520 | _aSuperesedes IP 12/02 | ||
| 650 | _aBLINDS | ||
| 650 | _aOFFICE BUILDINGS | ||
| 650 | _aSOLAR SHADING | ||
| 650 | _aSUNLIGHT | ||
| 651 | 4 | _aENGLAND AND WALES | |
| 690 | _aBUILDING AND CONSTRUCTION-ENERGY MANAGEMENT | ||
| 710 | _aBuilding Research Establishment | ||
| 710 |
_aUnited Kingdom _bDepartment of Trade and Industry |
||
| 942 | _n0 | ||
| 999 |
_c116044 _d116044 |
||